AN INTRODUCTION TO NUMERICAL METHODS AND ANALYSIS (Record no. 216700)

MARC details
000 -LEADER
fixed length control field 00503nam a22001697a 4500
008 - FIXED-LENGTH DATA ELEMENTS--GENERAL INFORMATION
fixed length control field 260226b |||||||| |||| 00| 0 eng d
020 ## - INTERNATIONAL STANDARD BOOK NUMBER
International Standard Book Number 978-1-119-60453-2
100 ## - MAIN ENTRY--PERSONAL NAME
Personal name EPPERSON, JAMES F
245 ## - TITLE STATEMENT
Title AN INTRODUCTION TO NUMERICAL METHODS AND ANALYSIS
250 ## - EDITION STATEMENT
Edition statement 3RD ED
260 ## - PUBLICATION, DISTRIBUTION, ETC.
Place of publication, distribution, etc. HOBOKON, NEW JERSEY
Name of publisher, distributor, etc. JOHN WILEY AND SONS
Date of publication, distribution, etc. 2021
300 ## - PHYSICAL DESCRIPTION
Extent IX, 284P.
500 ## - GENERAL NOTE
General note INCLUDES INDEX
650 ## - SUBJECT ADDED ENTRY
Topical term or geographic name entry element 1. NUMERICAL ANALYSIS 2. MATHEMATICAL ANALYSIS
942 ## - ADDED ENTRY ELEMENTS (KOHA)
Source of classification or shelving scheme Library of Congress Classification
Koha item type Long Loan Book
Holdings
Withdrawn status Lost status Source of classification or shelving scheme Damaged status Not for loan Collection Home library Current library Shelving location Date acquired Inventory number Total checkouts Full call number Barcode Date last seen Copy number Price effective from Koha item type
    Library of Congress Classification     Science & Technology Kisii University Library Kisii University Library On Display 02/26/2026 111104   QA 297 .E67 2021 A001350 02/26/2026 1 02/26/2026 Long Loan Book
    Library of Congress Classification     Science & Technology Kisii University Library Kisii University Library On Display 02/26/2026 111105   QA 297 .E67 2021 A001347 02/26/2026 2 02/26/2026 Long Loan Book
    Library of Congress Classification     Science & Technology Kisii University Library Kisii University Library On Display 02/26/2026 111106   QA 297 .E67 2021 A001348 02/26/2026 3 02/26/2026 Long Loan Book
    Library of Congress Classification     Science & Technology Kisii University Library Kisii University Library On Display 02/26/2026 111107   QA 297 .E67 2021 A000128 02/26/2026 4 02/26/2026 Long Loan Book